000 00374nam a2200133Ia 4500
003 GCL
008 140319s9999 xx 000 0 ara d
040 _aGCL /
_cGCL
082 0 4 _a812.052
_bس ش
100 1 _aسامى خشبة
245 1 0 _aشخصيات من ادب المقاومة /
_cسامى خشبة
300 _a175 ص
490 _aسلسلة مكتبة الاسرة
_v0
999 _c47557
_d47557